Stakeholder theory and organizational ethics
Saved in:
| Main Author: | |
|---|---|
| Other Authors: | |
| Format: | Book |
| Language: | English |
| Published: |
San Francisco :
Berrett-Koehler,
2003
|
| Subjects: | |
| Tags: |
Add Tag
No Tags, Be the first to tag this record!
|
MARC
| LEADER | 00000nam a2200000 i 4500 | ||
|---|---|---|---|
| 001 | 1/49922 | ||
| 008 | 070801s2003 eng d | ||
| 020 | |a 1-57675-268-2 | ||
| 035 | |l 10089319 | ||
| 040 | |a GR-MY-UA |b gre |e aacr | ||
| 041 | 0 | |a eng | |
| 082 | 0 | |a 174.4 |2 (22) | |
| 100 | 1 | |a Phillips, Robert |d 1968- |4 aut | |
| 245 | 1 | 0 | |a Stakeholder theory and organizational ethics / |c Robert Phillips ; foreword by R. Edward Freeman |
| 260 | |a San Francisco : |b Berrett-Koehler, |c 2003 | ||
| 300 | |a xii, 200 σ.; |c 25 εκ. | ||
| 504 | |a Βιβλιογραφία : σ. 180-190. Ευρετήριο | ||
| 650 | 0 | 0 | |a Corporate governance. |
| 650 | 0 | 0 | |a Business ethics. |
| 700 | 1 | |a Freeman, Edward R. |4 aui | |
| 852 | |a INST |b CHIOS |e 20070801 |h 174.4 PHI |p 005200025729 |q 005200025729 |t BK |y 0 | ||
| 901 | |a BIBL2-2007-2 | ||
| 909 | |a Χ |b 137277 | ||
| 922 | |a 2ΕΛΗ |b 200707 |c ΕΠΕΑΕΚ2/ΤΝΕΥ |d ΕΛΕΥΘΕΡΟΥΔΑΚΗΣ | ||
| 970 | |a ΒΑΡΦΗΣ |b ΒΑΓΓΕΛΗΣ |z 2007/08/01 | ||